| 000 | 00671cam a22002297a 4500 | ||
|---|---|---|---|
| 003 | MX-MxUPN | ||
| 005 | 20240215063810.0 | ||
| 008 | 240131s1969 mx|a|||gr|||| 000 0 spa d | ||
| 040 |
_aMX-MxUPN _bspa |
||
| 050 | 4 |
_aQ141 _bC54 1969 |
|
| 245 | 1 | 0 | _a100 grandes científicos |
| 250 | _a3a edición | ||
| 260 |
_aMéxico, D.F. : _bDiana. _c1969 |
||
| 300 | _a445 páginas | ||
| 490 | 0 |
_aColección moderna ; _v46 |
|
| 500 | _aTítulo original: 100 great scientists. | ||
| 650 | 4 |
_aCientíficos _vBiografía _910487 |
|
| 700 | 1 |
_951037 _aGreene, Jay E. _ecompilación |
|
| 902 |
_aGCH300124 _bVíctorGodínez/140224 |
||
| 942 |
_2lcc _cLIBRO |
||
| 999 |
_c210897 _d210897 |
||